| 000 | 00674nam a2200253Ia 4500 | ||
|---|---|---|---|
| 008 | 180523s9999 xx 000 0 und d | ||
| 020 | _a1-4013-9962-2 | ||
| 050 | _aMAIN HD 31 | ||
| 050 | _b.B69 2005 | ||
| 100 | _aBowles, Sheldon. | ||
| 245 | 0 | _aKingdomality : | |
| 245 | 3 | _ban ingenious new way to triumph in management / | |
| 245 | 0 | _cSheldon Bowles, Richard Silvano, Susan Silvano. | |
| 260 | _aNew York : | ||
| 260 | _bHyperion, | ||
| 260 | _c2005 | ||
| 300 | _a156 pages : | ||
| 300 | _c20 cm. | ||
| 500 | _aIncludes index. | ||
| 650 | _aManagement. | ||
| 650 | _aTeams in the workplace. | ||
| 650 | _xExecutive ability. | ||
| 650 | _xPersonality. | ||
| 999 |
_c356847 _d356847 |
||